| 000 | 01200nab a22002657a 4500 | ||
|---|---|---|---|
| 999 |
_c5683 _d5683 |
||
| 003 | OSt | ||
| 005 | 20251226234820.0 | ||
| 008 | 190603e xxum|||| |||| 00| 0 spa d | ||
| 040 | _cPJ | ||
| 100 |
_96147 _aCalderón, Maximiliano R. |
||
| 245 | 1 | 0 |
_aDiez años de vigencia del Código Civil y Comercial : _bbalances en materia contractual / _cMaximiliano R. Calderón. |
| 260 |
_cCiudad Autónoma de Buenos Aires : _aThomson Reuters La Ley, _b2025. |
||
| 300 | _ap. 151-162 | ||
| 500 | _aCita: TR LALEY AR/DOC/1768/2025 Publicado en: RCCyC 2025 (agosto). | ||
| 505 | _aSumario: I. Propuesta metodológica.— II. Análisis particular.— III. Un fracaso regulatorio: el contrato de locación.— IV. Reflexiones finales. | ||
| 505 | _t¿Te interesa el texto completo? Solicitalo al correo: koha@justierradelfuego.gov.ar | ||
| 650 | 0 |
_91497 _aCODIGO CIVIL Y COMERCIAL |
|
| 650 | 0 |
_93463 _aCONTRATOS |
|
| 650 | 0 |
_93438 _aCOMPRAVENTA |
|
| 650 | 0 |
_92037 _aLOCACION |
|
| 650 | 0 |
_94094 _aCONTRATO |
|
| 650 | 0 |
_91929 _aFIANZA |
|
| 773 | 0 |
_02713 _93170 _dCiudad Autónoma de Buenos Aires : Thomson Reuters La Ley, 2015- _tRevista Código Civil y Comercial. Nº 4 - Agosto 2025 |
|
| 942 |
_2udc _cANA |
||